|
|
|
|
| LEADER |
00000nab a2200000 ar4500 |
| 001 |
vtls011756967 |
| 003 |
SK-MaSNL |
| 005 |
20260303231811.0 |
| 008 |
180907c20170916xo mr|p|||||||000 b|slo |
| 038 |
|
|
|a SNSK
|
| 040 |
|
|
|a SNSK
|b slo
|e rda
|c SK [Spišská Nová Ves - Spišská knižnica]
|
| 041 |
|
|
|a slo
|
| 044 |
|
|
|a xo
|c SK
|
| 080 |
|
|
|a 75.053
|x (234.372.4)
|2 2011
|
| 245 |
0 |
0 |
|a Prechádzka v korunách stromov
|b adrenalínový zážitok vo Vysokých Tatrách
|c [autor] iglu; foto: autor
|
| 300 |
|
|
|b Fotogr.
|
| 650 |
0 |
7 |
|a rozhľadne
|2 snsk
|9 55576
|
| 650 |
0 |
7 |
|a otvorenie
|2 snsk
|9 765696
|
| 651 |
|
7 |
|a Vysoké Tatry (Poľsko a Slovensko : pohorie)
|2 SNKPHgeo
|9 67729
|
| 651 |
|
7 |
|a Bachledova dolina (Slovensko)
|2 snsk
|9 56968
|
| 651 |
|
7 |
|a Ždiar (Slovensko)
|2 snsk
|9 54540
|
| 651 |
|
7 |
|a Poprad (Slovensko : okres)
|2 snsk
|9 28675
|
| 773 |
0 |
|
|t Nový Čas
|g Roč. 27, č. 213 (16.9.2017), s. 8
|x 1335-4655
|
| 852 |
|
|
|a SNSK
|b KIS3GCP
|
| 856 |
4 |
1 |
|u https://www.cas.sk/clanok/600254/adrenalinovy-zazitok-vo-vysokych-tatrach-prechadzka-v-korunach-stromov/
|
| 999 |
|
|
|c 2268708
|d 2270638
|